| 000 | 00386nam a2200145 a 4500 | ||
|---|---|---|---|
| 001 | 3222 | ||
| 005 | 20140414132119.0 | ||
| 008 | 040202s19uu xx 00 eng d | ||
| 020 | _a9780749601683 | ||
| 050 |
_aREF 388.34 _bL13 1990 |
||
| 100 | _aLafferty, Peter | ||
| 245 |
_aTo the rescue! : _bThe story of emergency vehicles. |
||
| 650 | _aAdventures and adventure. | ||
| 999 |
_c115016 _d115016 |
||